Dead by Daylight Killer Perks pt. 2 - Statistics

General Stats
  • This quiz has been taken 856 times
  • The average score is 20 of 30
Answer Stats
Hint Answer % Correct
You can’t get blinded/stunned by a flashlight. Lightborn
96%
Hitting a Survivor makes them drop their item. Franklin’s Demise
85%
After damaging a generator, any Survivor who touches the generator soon after the generator has been damaged will scream and have their positions revealed and will become temporarily Exposed. Dragon’s Grip
83%
After hooking a Survivor during endgame collapse, both exit gates are blocked for 60 seconds. Blood Warden
82%
Hooking a Survivor on a Scourge Hook explodes the most progressed generator, losing 15% of the progression and, if being repaired, will make any Survivor on that generator scream. Scourge Hook: Pain Resonance
79%
After all generators have been repaired, all Survivors become permanently Exposed. Hex: No One Escapes Death
78%
Generators regress by 200% automatically. Hex: Ruin
78%
Break pallets faster Brutal Strength
77%
Hooking a Survivor highlights the auras of any Survivor further than 40 metres away. Barbecue and Chilli
76%
If 2 or more Survivors are repairing a generator, that generator is highlighted in yellow. Discordance
75%
Downing a Survivor temporarily reduces FOV, causes blindness and reduces crawling speed by 50% for 15 seconds. Knockout
74%
Pools of blood are brighter and you see them for 4 seconds longer. Bloodhound
71%
Reduces your terror radius by 16 metres outside of chase with an increase FOV of 10% Monitor and Abuse
71%
When a Survivor fast vaults, their aura is revealed for a few seconds. I’m All Ears
69%
When you down a Survivor, any Survivor near by screams and have their location revealed. Infectious Fright
67%
Scratch marks left by Survivors are more tightly compact. Predator
67%
Damaging a generator causes 3 other generators to begin regressing. Oppression
65%
You see the auras of breakable walls, pallets and windows within 32 metres. Zanshin Tactics
65%
Survivors who perform a rushed vault have that vault location blocked for 20 seconds. Hex: Crowd Control
64%
You get a noise notification whenever a Survivor is looting a chest or picking up an item near you. Hoarder
64%
After a Survivor is taken off of a scourge hook, the auras of every Survivor is revealed to you for 7 seconds. Scourge Hook: Floods of Rage
64%
Injuring a Survivor results in a stackable 5% penalty to repairing generators, sabotaging hooks and cleansing speeds with a maximum of 20%. Thanatophobia
63%
Injuring a Survivor holds every pallet within 32 metres in place. Hex: Blood Favour
61%
Upon getting 4 tokens from hooking Survivors for the first time, all generators are blocked for 40 seconds and the aura of your Obsession is revealed for 5 seconds. Grim Embrace
59%
Injuring your Obsession transfers your terror radius onto them, making you Undetectable. Dark Devotion
58%
When a generator is repaired, anybody near that generator has their aura revealed for 5 seconds. Bitter Murmur
56%
You are Undetectable for as long as Bloodlust is active. Beast of Prey
52%
Injuring a Survivor causes all injured Survivors to gain the Oblivious status effect. Hysteria
50%
Successfully injuring a Survivor inflicts them with the Blindness status effect. Hex: The Third Seal
49%
Survivors on hook who go into struggle struggle faster in the basement. Monstrous Shrine
46%
No matching quizzes found
Score Distribution
Percent of People with Each Score
Percentile by Number Answered
Your Score History
You have not taken this quiz